| 000 | 00754ntm a22002777a 4500 | ||
|---|---|---|---|
| 005 | 20250821113343.0 | ||
| 008 | 170503b2011 xxu||||| |||| 00| 0 spa d | ||
| 020 | _a9788433024831 | ||
| 041 | _aESP | ||
| 082 | _a616.852.6 T784t | ||
| 100 |
_aTreasure, Janet _942455 |
||
| 100 | _aSmith, Gráinne | ||
| 100 | _aCrane, Anna | ||
| 245 | _aLos trastornos de la alimentación: guía práctica para cuidar de un ser querido | ||
| 260 | _aEspaña | ||
| 260 | _bDesclée de brouwer | ||
| 260 | _c2011 | ||
| 300 | _a298 páginas | ||
| 490 | _aTemática General | ||
| 650 | _aTRASTORNOS DE ALIMENTACIÓN | ||
| 650 | _aCUIDADORES | ||
| 650 | _aESTRÉS | ||
| 650 | _aRIESGOS FÍSICOS | ||
| 650 | _aRELACIONES INTERPERSONALES | ||
| 942 |
_cBK _2ddc |
||
| 999 |
_c9352 _d9352 |
||